000 00612nam a22001817a 4500
999 _c168103
_d168103
005 20190926141618.0
010 _aB-218715
020 _a8189093916
_c95.00
035 _aB-218715
037 _bLotus Press
082 _a485
245 _aCommon errors in english/
_cM. Thomas
260 _aNew Delhi
_bLotus Press
_c2007
270 _a4263/3, Ansari Road, Darya Ganj
_bNew Delhi
_e110002
_k30903912, 23290047
_mlotus_press@sify.com
300 _a251p.
_bIll.
_c22cm.
942 _2ddc
_cEN
_h485
_mTHO